00636nam a2200229 a 4500001001300000003000900013005001700022008004100039020000900080082001700089100001800106245002400124260004500148300000900193500003500202505001000237650001100247902000800258942000700266952011600273999001700389nice12345678IN_TiNIC20260116013504.0050524s1993 kara grp 000 0 urd  ac6600a954.84bKHA5 aKhalidi, Omer aMadh-O-Qadah Deccan aKarachibMajlis-E-Tareekh-E-Deccanc1993 a128p aincludes index and biblioraphy2 aIndex aDeccan bSRS cBK 001040708StackRoom-aHMIbHMId2007-04-10g66.00l0o954.84 KHA5p016531r2007-04-10v66.00w2005-05-24yBK c11180d11180